Neuromarketing – a new approach in examining consumer preferences

Neuromarketing - revolúcia v štúdiu správania spotrebiteľa? Nástroje/metódy štúdia informácií, ktoré využíva neuromarketing. Pôvod a charakteristika neuromarketingu. Predmet a metodológia štúdia neuromarketingu.

Na minha lista:
Detalhes bibliográficos
Autor principal: Fogašová, Veronika
Outros Autores: Oláh, Ľuboš
Formato: Capítulo de Livro
Idioma:inglês
Assuntos:
Tags: Adicionar Tag
Sem tags, seja o primeiro a adicionar uma tag!

MARC

LEADER 00000nla$a2200000$$$4500
001 0143187
005 20240502072551.7
041 0 |a eng 
044 |a SK 
245 1 0 |a Neuromarketing – a new approach in examining consumer preferences  |c Veronika Fogašová, Ľuboš Oláh 
520 |a Neuromarketing - revolúcia v štúdiu správania spotrebiteľa? Nástroje/metódy štúdia informácií, ktoré využíva neuromarketing. Pôvod a charakteristika neuromarketingu. Predmet a metodológia štúdia neuromarketingu. 
610 2 0 |a neuromarketing 
610 2 0 |a spotrebitelia 
610 2 0 |a správanie spotrebiteľa 
610 2 0 |a etika 
100 1 |a Fogašová, Veronika 
700 1 |a Oláh, Ľuboš